The ultimate resource

Đã lưu trong:
書目詳細資料
主要作者: Simon, Julian L.
格式: 圖書
語言:Undetermined
出版: Princeton Princeton university Press 1981
主題:
標簽: 添加標簽
沒有標簽, 成為第一個標記此記錄!
Thư viện lưu trữ: Trung tâm Học liệu Trường Đại học Cần Thơ
LEADER 00511nam a2200181Ia 4500
001 CTU_80806
008 210402s9999 xx 000 0 und d
082 |a 333.7 
082 |b S594 
100 |a Simon, Julian L. 
245 4 |a The ultimate resource 
245 0 |c Julian L. Simon 
260 |a Princeton 
260 |b Princeton university Press 
260 |c 1981 
650 |a Economic policy,Natural resources,Population 
904 |i Trọng Hải 
980 |a Trung tâm Học liệu Trường Đại học Cần Thơ